000 005500000a22002170004500
500 _aBibliography at the end
650 _aPhysics
650 _aPlasma physics
650 _aFluid dynamics
082 _a530.44
_bG959s
_cD
518 _a960521
530 _aDis
100 _aGupta, Suresh Prasad
245 _aStudy on viscous effect in rayleigh taylor instability
260 _aKathmandu, Nepal
502 _aDissertation
_bDegree in Physics, Tribhuvan University
260 _c1992
041 _aEng
300 _a84p.
942 _cGEN
999 _c10614
_d10614